Science since Babylon

Guardat en:
Dades bibliogràfiques
Autor principal: Price, Derek de Solla
Format: Llibre
Idioma:Undetermined
Publicat: London Yale University Press 1975
Matèries:
Etiquetes: Afegir etiqueta
Sense etiquetes, Sigues el primer a etiquetar aquest registre!
Thư viện lưu trữ: Trung tâm Học liệu Trường Đại học Cần Thơ
LEADER 00489nam a2200181Ia 4500
001 CTU_80127
008 210402s9999 xx 000 0 und d
082 |a 509 
082 |b P945 
100 |a Price, Derek de Solla 
245 0 |a Science since Babylon 
245 0 |c Derek de Solla Price 
260 |a London 
260 |b Yale University Press 
260 |c 1975 
650 |a Babylon,Sience history 
904 |i Trọng Hải 
980 |a Trung tâm Học liệu Trường Đại học Cần Thơ